Jvālā aura jala / (Record no. 68603)

MARC details
000 -LEADER
fixed length control field 00498cam a2200181 a 4500
001 - CONTROL NUMBER
control field sa 66002899
003 - CONTROL NUMBER IDENTIFIER
control field DLC
005 - DATE AND TIME OF LATEST TRANSACTION
control field 20260227112232.0
008 - FIXED-LENGTH DATA ELEMENTS--GENERAL INFORMATION
fixed length control field 831122s1958 ii 000 1 hino
010 ## - LIBRARY OF CONGRESS CONTROL NUMBER
LC control number sa 66002899
040 ## - CATALOGING SOURCE
Original cataloging agency DLC
Transcribing agency DLC
050 00 - LIBRARY OF CONGRESS CALL NUMBER
Classification number PK2098.P328
Item number J87 1958
100 1# - MAIN ENTRY--PERSONAL NAME
Personal name Parasāī, Hariśaṅkara.
245 10 - TITLE STATEMENT
Title Jvālā aura jala /
Statement of responsibility, etc. Hariśaṅkara Parasāī.
260 ## - PUBLICATION, DISTRIBUTION, ETC.
Place of publication, distribution, etc. Kalakattā :
Name of publisher, distributor, etc. Bhāratī Pustaka Mandira,
Date of publication, distribution, etc. 1958.
300 ## - PHYSICAL DESCRIPTION
Extent 82 p. ;
Dimensions 19 cm.
546 ## - LANGUAGE NOTE
Language note In Hindi.

No items available.

Powered by Koha